| 000 | 01044cam a22002778a 4500 | ||
|---|---|---|---|
| 001 | 2679 | ||
| 005 | 20240109145400.0 | ||
| 020 | _a9780545290142 (hardcover) | ||
| 020 | _a9780545290159 | ||
| 040 |
_aDLC _cDLC _dDLC _beng |
||
| 050 | 0 | 0 |
_aPZ7.H59787 _bEl 2011 |
| 082 | 0 | 0 |
_a813.6 _222 |
| 100 | 1 | _aHirsch, Jeff | |
| 245 | 1 | 4 |
_aThe eleventh plague / _cJeff Hirsch |
| 250 | _aFirst paperback printing, September 2012 | ||
| 260 |
_aNew York : _bScholastic Press, _c2011 |
||
| 300 |
_a278 pages ; _c20 cm |
||
| 505 | _aO | ||
| 520 | _aTwenty years after the start of the war that caused the Collapse, fifteen-year-old Stephen, his father, and grandfather travel post-Collapse America scavenging, but when his grandfather dies and his father decides to risk everything to save the lives of two strangers, Stephen's life is turned upside down. | ||
| 521 |
_a790 _bLexile |
||
| 521 |
_aO _bRaz-Plus |
||
| 650 | 1 |
_aSurvival _vFiction. |
|
| 650 | 1 | _aScience fiction. | |
| 906 |
_a7 _bcbc _corignew _d1 _eecip _f20 _gy-gencatlg |
||
| 942 |
_2ddc _cBK _n0 |
||
| 999 |
_c2679 _d2679 |
||